000 00712nam a2200241Ia 4500
003 OSt
005 20220923213417.0
006 a|||||r|||| 00| 0
007 ta
008 220922b |||||||| |||| 00| 0 hin d
024 _a161,702
037 _cTextual
040 _aARTS
_cARTS
_bhin
041 _2hin
_ahin
082 _aO152,2M98w, G9
100 _aरत्नकुमारी
245 0 _aसेठ गोविन्ददास
_b जीवनी
246 _aSeṭh govindadāsa: jīvanī
260 _c1939
650 _aहिन्दी साहित्य
_9156264
942 _hO152,2M98w, G9
_cTEXL
_2CC
999 _c316269
_d316269